Philosophy and choice : selected readings from around the world (Record no. 44)

MARC details
000 -LEADER
fixed length control field 00686nam a22001577a 4500
008 - FIXED-LENGTH DATA ELEMENTS--GENERAL INFORMATION
fixed length control field 110830t xxu||||| |||| 00| 0 eng d
020 ## - INTERNATIONAL STANDARD BOOK NUMBER
International Standard Book Number 1559349646 9781559349642
050 ## - LIBRARY OF CONGRESS CALL NUMBER
Classification number BD21 .D46
100 ## - MAIN ENTRY--PERSONAL NAME
Personal name Christensen, Kit R.
Relator term Kit R. Christensen
245 ## - TITLE STATEMENT
Title Philosophy and choice : selected readings from around the world
Statement of responsibility, etc. Kit R. Christensen
260 ## - PUBLICATION, DISTRIBUTION, ETC.
Place of publication, distribution, etc. Mountain View, Calif.
Name of publisher, distributor, etc. Mayfield Pub.
Date of publication, distribution, etc. ©1999
300 ## - PHYSICAL DESCRIPTION
Extent xii, 621 p.
Dimensions 23 cm.
505 ## - FORMATTED CONTENTS NOTE
Formatted contents note Contents: What is Philosophy -- Part I. Philosophical inquiry: how and why? -- Part II. Epistemology -- Part III. Metaphysics -- Part IV. Morality -- Part V. Political philosophy -- Aesthetics
650 ## - SUBJECT ADDED ENTRY--TOPICAL TERM
Topical term or geographic name entry element Philosophy
942 ## - ADDED ENTRY ELEMENTS (KOHA)
Source of classification or shelving scheme Library of Congress Classification
Koha item type Books
Holdings
Withdrawn status Lost status Source of classification or shelving scheme Damaged status Not for loan Home library Current library Shelving location Date acquired Total Checkouts Full call number Barcode Date last seen Copy number Price effective from Koha item type
    Library of Congress Classification     WISCONSIN INTERNATIONAL UNIVERSITY COLLEGE, GHANA - MAIN LIBRARY WISCONSIN INTERNATIONAL UNIVERSITY COLLEGE, GHANA - MAIN LIBRARY General Stacks 30/08/2011   BD21 .D46 112/11 30/08/2011 1 30/08/2011 Books
    Library of Congress Classification     WISCONSIN INTERNATIONAL UNIVERSITY COLLEGE, GHANA - MAIN LIBRARY WISCONSIN INTERNATIONAL UNIVERSITY COLLEGE, GHANA - MAIN LIBRARY General Stacks 30/08/2011   BD21 .D461 113/11 30/08/2011 2 30/08/2011 Books
    Library of Congress Classification     WISCONSIN INTERNATIONAL UNIVERSITY COLLEGE, GHANA - MAIN LIBRARY WISCONSIN INTERNATIONAL UNIVERSITY COLLEGE, GHANA - MAIN LIBRARY General Stacks 30/08/2011   BD21 .D462 114/11 30/08/2011 3 30/08/2011 Books

If you have any concerns or questions; kindly contact the library


© Powered by WIUC ICT DIRECTORATE